Arab Bank plc v John D Wood Commercial Ltd (Record no. 63485)
[ view plain ]
| 000 -LEADER | |
|---|---|
| fixed length control field | 01623cam a2200241 4500 |
| 001 - CONTROL NUMBER | |
| control field | ABS62368 |
| 008 - FIXED-LENGTH DATA ELEMENTS--GENERAL INFORMATION | |
| fixed length control field | 000000n2000 000 0 eng u |
| 035 ## - SYSTEM CONTROL NUMBER | |
| System control number | (Sirsi) u106005 |
| 245 ## - TITLE STATEMENT | |
| Title | Arab Bank plc v John D Wood Commercial Ltd |
| 260 ## - PUBLICATION, DISTRIBUTION, ETC. | |
| Date of publication, distribution, etc. | 2000 |
| 490 ## - SERIES STATEMENT | |
| Series statement | Weekly Law Reports |
| Volume/sequential designation | [2000] 1 WLR 857-881(24) |
| 520 ## - SUMMARY, ETC. | |
| Summary, etc. | CA 11 November 1999. In 1989 a borrower sought a loan from plaintiff bank A for the acquisition of an industrial estate. A obtained two separate valuations from chartered surveyors J and W in amounts of £22m and £19m and offered the borrower a loan facility of £17.1m. Borrower was required to take out mortgage indemnity guarantee on top of the 20% amount of loan. Borrower defaulted on loan. A sought damages for negligent valuation advice from J and W. J found to be liable and having refused to allow any deduction to be made in respect of the sum recovered under the mortgage indemnity guarantee ordered J to pay damages of £6m. Claim against W dismissed. A appealed. On appeal held that case should be remitted to judge for determination of damages payable by W and for reconsideration of amount of damages payable by J. The insurance money recovered by A should be ignored in assessing the amount of the damages to which it was entitled. |
| 590 ## - LOCAL NOTE (RLIN) | |
| Local note | ABS |
| 650 ## - SUBJECT ADDED ENTRY--TOPICAL TERM | |
| Topical term or geographic name entry element | ARAB BANK PLC V JOHN D WOOD COMMERCIAL LTD |
| 650 ## - SUBJECT ADDED ENTRY--TOPICAL TERM | |
| Topical term or geographic name entry element | NEGLIGENT VALUATIONS |
| 650 ## - SUBJECT ADDED ENTRY--TOPICAL TERM | |
| Topical term or geographic name entry element | DAMAGES |
| 650 ## - SUBJECT ADDED ENTRY--TOPICAL TERM | |
| Topical term or geographic name entry element | MORTGAGE INDEMNITY GUARANTEES |
| 650 ## - SUBJECT ADDED ENTRY--TOPICAL TERM | |
| Topical term or geographic name entry element | VALUERS |
| 650 ## - SUBJECT ADDED ENTRY--TOPICAL TERM | |
| Topical term or geographic name entry element | NEGLIGENCE |
| 650 ## - SUBJECT ADDED ENTRY--TOPICAL TERM | |
| Topical term or geographic name entry element | MEASURE OF DAMAGES |
| 690 ## - LOCAL SUBJECT ADDED ENTRY--TOPICAL TERM (OCLC, RLIN) | |
| Topical term or geographic name as entry element | PROFESSIONAL PRACTICE-NEGLIGENCE-CASE LAW |
| 942 ## - ADDED ENTRY ELEMENTS (KOHA) | |
| Suppress in OPAC | 0 |
| Withdrawn status | Lost status | Source of classification or shelving scheme | Damaged status | Not for loan | Home library | Current library | Shelving location | Date acquired | Total Checkouts | Full call number | Barcode | Date last seen | Copy number | Price effective from | Koha item type |
|---|---|---|---|---|---|---|---|---|---|---|---|---|---|---|---|
| Dewey Decimal Classification | London | London | Journal article | 18/05/2000 | ABS62368 | 106005-1001 | 06/08/2019 | 1 | 06/08/2019 | Law report |